LIBRARY & INFORMATION CENTRE, KCAET, TAVANUR

ONLINE PUBLIC ACCESS CATALOGUE (OPAC)

Text book of geology / (Record no. 9770)

MARC details
000 -LEADER
fixed length control field 00444cam a2200181ua 4500
041 ## - LANGUAGE CODE
Language code of text/sound track or separate title eng
082 ## - DEWEY DECIMAL CLASSIFICATION NUMBER
Classification number 551
Item number MUT/TE
100 ## - MAIN ENTRY--AUTHOR NAME
Personal name Muthayya, V D .
245 ## - TITLE STATEMENT
Title Text book of geology /
250 ## - EDITION STATEMENT
Edition statement 4 /
260 ## - PUBLICATION, DISTRIBUTION, ETC. (IMPRINT)
Place of publication New Delhi :
Name of publisher Oxford & IBH Publishing company ,
Year of publication 1968.
300 ## - PHYSICAL DESCRIPTION
Number of Pages 229 ; .
942 ## - ADDED ENTRY ELEMENTS (KOHA)
Koha item type Books
Holdings
Withdrawn status Lost status Damaged status Home library Current library Date acquired Full call number Accession Number Koha item type
      KAUAET KAUAET 20/08/1986 551 MUT/TE 15400 Books
free website counter